| 000 | 00394nam a22001337a 4500 | ||
|---|---|---|---|
| 008 | 140910b xxu||||| |||| 00| 0 eng d | ||
| 022 | _a07011733 | ||
| 050 | _aKE1232.A45.C36 | ||
| 245 |
_aCanadian cases on the Law of Torts. / _cedited by John Irvin, M.A.B,C.L _bAnnotated |
||
| 260 |
_aToronto: _bThe Carswell Co, _c1981. |
||
| 300 |
_axxix,320p.: _c24cm. |
||
| 440 | _vVol 13 | ||
| 942 |
_2lcc _cBK |
||
| 999 |
_c4516 _d12016 |
||